Vista normal
Vista MARC
- Congreso Nacional de Educadores de Sordos
Entrada Nombre congreso
Número de registros utilizados en: 1
001 - NÚMERO DE CONTROL
- campo de control: 2088
003 - IDENTIFICADOR DEL NÚMERO DE CONTROL
- campo de control: ES-MaFIAP
005 - FECHA Y HORA DE LA ÚLTIMA TRANSACCIÓN
- campo de control: 20231212161339.0
008 - DATOS DE LONGITUD FIJA
- campo de control de longitud fija: 231212|| aca||aabn | a|a d
040 ## - FUENTE DE LA CATALOGACIÓN
- Centro catalogador/agencia de origen: ES-MaFIAP
- Centro/agencia transcriptor: ES-MaFIAP
111 ## - ENCABEZAMIENTO--NOMBRE DE CONGRESO/REUNIÓN
- Nombre de congreso/reunión o jurisdicción como elemento de entrada: Congreso Nacional de Educadores de Sordos
- Número del congreso/reunión o número de parte o sección: 1º
- Fecha del congreso o de la firma del tratado: 1970
- Sede del congreso/Lugar de la reunión: Barcelona
670 ## - FUENTE DE DATOS ENCONTRADOS
- Cita de la fuente: Work cat.: (ES-MaFIAP)799: Congreso Nacional de Educadores de Sordos 1º 1970 Barcelona, 1er Congreso Nacional de Educadores de Sordos , 1970]





